Statistics for US cities with highest population of Asian-Americans

Click here to take the quiz!

General Stats

  • This quiz has been taken 141 times
  • The average score is 7 of 10

Answer Stats

PopAnswer% Correct
426000Los Angeles
98%
297000San Francisco
96%
1millNew York
95%
147000Chicago
89%
126000Houston
84%
303000San Jose
73%
96000Philadelphia
70%
184000Honolulu
65%
85000Sacramento
43%
108000Fremont
14%

Score Distribution

Percentile by Number Answered

Percent of People with Each Score

Your Score History

You have not taken this quiz